|
|
|
|
| LEADER |
00000nam a22000007a 4500 |
| 005 |
20220413232333.0 |
| 007 |
cr|||| |||| |
| 008 |
220413s2013 es |||||s|||| 00||0 spa d |
| 020 |
|
|
|a 978-84-9123-838-6
|
| 035 |
|
|
|a 33568
|
| 040 |
|
|
|a vLex
|
| 090 |
|
|
|c 13183
|d 13183
|
| 100 |
1 |
|
|a Zurutuza Arigita, Iąki
|
| 245 |
1 |
2 |
|a El practicaje
|h [Recurso electrn̤ico] /
|c Iąki Zurutuza Arigita
|
| 256 |
|
|
|a Servicio en ln̕ea
|
| 260 |
|
|
|a Madrid:
|b Marcial Pons,
|c 2013
|
| 300 |
|
|
|a 1 recurso electrn̤ico
|
| 506 |
1 |
|
|a Disponible solo en los productos indicados
|d vLex Global
|d vLex Global (Academic Edition, excluding Law Schools)
|d vLex Global (U.S. Academic Edition, Law Schools)
|d vLex Global (U.S. Academic Edition, excluding Law Schools)
|d vLex Global (Academic Edition, Law Schools)
|
| 650 |
0 |
4 |
|a Ciencias sociales
|z Espaą
|
| 740 |
0 |
|
|a vLex Libros (Servicio en ln̕ea)
|
| 856 |
4 |
0 |
|u https://app.vlex.com/#/sources/33568
|z Acceso restringido
|
| 942 |
|
|
|c BOOK
|
| 999 |
0 |
|
|a Social Sciences
|